000 00199 a2200097 4500
020 _a051487023600
041 _aeng
100 _aTerri Cohlene
245 _aTurquoise Boy a navajo legand
942 _cBK
999 _c11673
_d11673